| 000 | 00953nam a2200289 c 4500 | ||
|---|---|---|---|
| 003 | BLK | ||
| 005 | 20180420213912.0 | ||
| 008 | 180412b bul|||||r ||||||| ||bul|| | ||
| 010 | _aKNG00006155000 | ||
| 020 |
_a954-455-249-4 _bиздат.: Христо Ботев |
||
| 040 | _aBLK | ||
| 041 |
_aBUL _cBUL |
||
| 080 |
_aБългарска литература _b821.163.2 _x-31 _z821.163.2-31 |
||
| 100 | 1 |
_aХристосков, Начо Димитров _eпърви автор _9249470 |
|
| 139 |
_aХристосков, Начо Димитров _bХ 84 |
||
| 245 | 1 | 0 |
_aПодхвърлянето _bРоман _cНачо Димитров Христосков. |
| 257 | _aBGR | ||
| 260 |
_аСофия _bХристо Ботев _c1995 |
||
| 300 |
_a176 с. _c20 см |
||
| 380 | _aX | ||
| 500 | _a1 000 тир. | ||
| 852 | _aЦб 181151 | ||
| 856 | 4 |
_qpdf _u |
|
| 856 | 4 |
_qpdf _u |
|
| 942 |
_cKNG _n0 |
||
| 944 |
_aCR _c15.01.2003 _kAB_DOS |
||
| 944 |
_aED _c20.02.2015 _k |
||
| 999 |
_c4983 _d4983 |
||